000
00289nam a22001217a 4500
041
_a
ENG
100
_a
Pandey .MK
245
_a
Magical Book Series Analytical Reasoning
260
_a
Delhi
_b
BSC Pub
_c
2000
300
_a
710
650
_a
Competitlve Exam
856
_u
Competitlve Exam (36)
999
_c
928
_d
928